Financial management: text problems and cases. (Record no. 155396)
[ view plain ]
| 000 -LEADER | |
|---|---|
| fixed length control field | 00578nam a2200217Ia 4500 |
| 003 - CONTROL NUMBER IDENTIFIER | |
| control field | OSt |
| 005 - DATE AND TIME OF LATEST TRANSACTION | |
| control field | 20230425151830.0 |
| 008 - FIXED-LENGTH DATA ELEMENTS--GENERAL INFORMATION | |
| fixed length control field | 210423s2012 xx 000 0 und d |
| 020 ## - INTERNATIONAL STANDARD BOOK NUMBER | |
| International Standard Book Number | 9780071067850 |
| 040 ## - CATALOGING SOURCE | |
| Transcribing agency | AL |
| 041 ## - LANGUAGE CODE | |
| Language code of text/sound track or separate title | eng |
| 082 ## - DEWEY DECIMAL CLASSIFICATION NUMBER | |
| Classification number | 658.15 KHAM |
| Edition number | 23 |
| 100 ## - MAIN ENTRY--PERSONAL NAME | |
| Personal name | KHAN (M Y);JAIN (P K). |
| 9 (RLIN) | 81498 |
| 245 ## - TITLE STATEMENT | |
| Title | Financial management: text problems and cases. |
| 250 ## - EDITION STATEMENT | |
| Edition statement | 6 |
| 260 ## - PUBLICATION, DISTRIBUTION, ETC. | |
| Place of publication, distribution, etc. | New Delhi |
| Name of publisher, distributor, etc. | Tata McGrawhill |
| Date of publication, distribution, etc. | 2012 |
| 300 ## - PHYSICAL DESCRIPTION | |
| Extent | xxiii,36.45,I-10 |
| Other physical details | PB |
| 365 ## - TRADE PRICE | |
| Price amount | 575 |
| Currency code | INR |
| 906 ## - LOCAL DATA ELEMENT F, LDF (RLIN) | |
| a | cases. ; Financial ; management: ; problems |
| 942 ## - ADDED ENTRY ELEMENTS (KOHA) | |
| Source of classification or shelving scheme | Dewey Decimal Classification |
| Koha item type | Book |
| Withdrawn status | Lost status | Damaged status | Not for loan | Collection code | Home library | Current library | Date acquired | Source of acquisition | Cost, normal purchase price | Total Checkouts | Full call number | Barcode | Date last seen | Date last checked out | Price effective from | Koha item type | Total Renewals |
|---|---|---|---|---|---|---|---|---|---|---|---|---|---|---|---|---|---|
| PGDBM | St Aloysius PG Library | St Aloysius PG Library | 10/31/2011 | Higginbothams Pvt Ltd | 575.00 | 2 | 658.15 KHAM | PG001868 | 08/24/2022 | 01/27/2022 | 04/26/2021 | Book | |||||
| PGDBM | St Aloysius PG Library | St Aloysius PG Library | 11/11/2011 | Higginbothams Pvt Ltd | 575.00 | 1 | 658.15 KHAM | PG001872 | 04/19/2023 | 04/10/2023 | 04/26/2021 | Book | |||||
| PGDBM | St Aloysius PG Library | St Aloysius PG Library | 11/11/2011 | Higginbothams Pvt Ltd | 575.00 | 2 | 658.15 KHAM | PG001873 | 03/04/2023 | 02/23/2023 | 04/26/2021 | Book | 1 | ||||
| PGDBM | St Aloysius PG Library | St Aloysius PG Library | 11/11/2011 | Higginbothams Pvt Ltd | 575.00 | 1 | 658.15 KHAM | PG001874 | 08/24/2022 | 11/27/2021 | 04/26/2021 | Book | |||||
| PGDBM | St Aloysius PG Library | St Aloysius PG Library | 11/11/2011 | Higginbothams Pvt Ltd | 575.00 | 2 | 658.15 KHAM | PG001875 | 05/27/2023 | 05/15/2023 | 04/26/2021 | Book |